Normal view
MARC view
- Nebraska
Entry Geographic Name
001 - CONTROL NUMBER
- control field: 153636
003 - CONTROL NUMBER IDENTIFIER
- control field: TR-AnTOB
005 - DATE AND TIME OF LATEST TRANSACTION
- control field: 20260414093616.0
008 - FIXED-LENGTH DATA ELEMENTS
- fixed length control field: 260414n|eazannaab| |n aaa d
010 ## - LIBRARY OF CONGRESS CONTROL NUMBER
- LC control number: sh2008116259
035 ## - SYSTEM CONTROL NUMBER
- System control number: (DLC)392894
035 ## - SYSTEM CONTROL NUMBER
- System control number: (TR-AnTOB)153636
040 ## - CATALOGING SOURCE
- Original cataloging agency: DLC
- Language of cataloging: eng
- Transcribing agency: DLC
- Modifying agency: TR-AnTOB
151 ## - HEADING--GEOGRAPHIC NAME
- Geographic name: Nebraska
- Form subdivision: Fiction
451 ## - SEE FROM TRACING--GEOGRAPHIC NAME
- Geographic name: Nebraska
- Form subdivision: Roman
670 ## - SOURCE DATA FOUND
- Source citation: Work cat.: Ceremony in Lone Tree, c2001
688 ## - APPLICATION HISTORY NOTE
- Institution to which field applies: TR-AnTOB
- Application history note: Op 14.04.2026
751 ## - ESTABLISHED HEADING LINKING ENTRY--GEOGRAPHIC NAME
- Authority record control number or standard number: https://lccn.loc.gov/sh2008116259
- Source of heading or term: lcsh



